000 00696nam a2200217 a 4500
001 000039579
005 20201002033630.0
008 130708s2013 dr 000 p spa d
020 _a9789945131642
040 _aDO-SdBNP
_bspa
_cBNPHU
082 _aH861.5
_bM319o
100 1 _aJean-Baptiste, Marckenson
_965746
245 1 0 _aOrgasme de ma voix /
_cMarckenson Jean-Baptiste.
260 _aSanto Domingo :
_bMontaño,
_c2013.
300 _a73 p. ;
_c23 cm.
500 _aIncluye datos biográficos del autor en la contracubierta
590 _aInventariado, 2019 / DG
650 4 _aPoesía haitiana
_941622
650 4 _aLiteratura haitiana
_93197
910 _aValidado. Control de calidad MFF
999 _c39069
_d39069